01549cam a22002891 4500001001300000003000400013005001700017008004100034010001700075035001900092040002400111050002600135082001200161100004200173245029000215260005500505300001800560490005200578500008900630500014200719501019700861651003301058650003901091651005801130710005401188999001701242e 43000109 DLC20260227111231.0790504s1943 dcu 000 0 eng  ae 43000109  a(OCoLC)4927122 aDLCcOkdOCoLCdDLC00aL111b.A6 1942, no. 2 a016.9181 aLassalle, Emilie Dew Sandsten,d1903-10aArts, crafts and customs of our neighbor republics;ba bibliography.cCompiled by Emilie Sandsten Lassalle. Under the direction of Nora Beust, senior specialist in library materials. Library service division in cooperation with the Office of the coordinator of inter-American affairs. a[Washington, D.C.,bU.S. Govt. print. off.,c1943] a52 p.c23 cm.0 aU.S. Office of education. Bulletin 1942,vno. 2 aA preliminary report was issued in mimeographed form, without series title, in 1942. a"Federal security agency. Paul V. McNutt, administrator. U. S. Office of education, John W. Strudebaker, commissioner."--p. [2] of cover. aCopy 2 with: Opportunities for the preparation of teachers in health education / Earl E. Kleinschmidt. Washington : U.S. Govt. Print. Off., 1942. Bound together subsequent to publication.5DLC 0aLatin AmericavBibliography. 0aArt, Latin AmericanvBibliography. 0aLatin AmericaxSocial life and customsvBibliography.1 aUnited States.bOffice of Inter-American Affairs. c21928d21928